000 00430nam a2200169 a 4500
001 22235
005 20180713220116.0
008 140415s1977 000 0 spa d
041 _aspa
082 _a152.33
_bUBE
100 1 _aUBELL, EARL
245 1 0 _aCOMO SALVAR SU VIDA
260 _a[s.l.] :
_bDIANA,
_c1977
300 _a355
650 1 4 _aHABITOS ALIMENTICIOS
_xSALUD
700 1 _aVAZQUEZ V., JAIME
_etr.
999 _c22235
_d22235